Informačný logistický systém diplomová práca

Enregistré dans:
Détails bibliographiques
Auteur principal: Gardian, Anton
Collectivité auteur: Fakulta podnikového manažmentu EU. Katedra manažmentu výroby a logistiky - zrušená
Autres auteurs: Stern, Juraj
Format: Livre
Langue:slovaque
Publié: Bratislava 2012
Tags: Ajouter un tag
Pas de tags, Soyez le premier à ajouter un tag!

MARC

LEADER 00000nbm a2200000 4500
001 0152521
005 20161109102042.6
041 0 |a slo 
044 |a SK 
245 1 0 |a Informačný logistický systém  |b diplomová práca  |c Anton Gardian ; školiteľ: Juraj Stern 
264 1 |a Bratislava  |c 2012 
300 |a 77 s. 
100 1 |a Gardian, Anton 
700 1 |a Stern, Juraj 
710 2 |a Fakulta podnikového manažmentu EU. Katedra manažmentu výroby a logistiky - zrušená